LEADER 01343nam a2200337 i 4500 001 991000717469707536 005 20020507172657.0 008 970704s1975 de ||| | eng 020 $a354007130X 035 $ab1074745x-39ule_inst 035 $aLE01301181$9ExL 040 $aDip.to Matematica$beng 082 0 $a515.353 084 $aAMS 46E35 100 1 $aBrenner, Philip$056580 245 10$aBesov spaces and applications to difference methods for initial value problems /$cPhilip Brenner, Vidar Thomée, Lars B. Wahlbin 260 $aBerlin ; New York :$bSpringer-Verlag,$c1975 300 $a154 p. ;$c25 cm 490 0 $aLecture notes in mathematics,$x0075-8434 ;$v434 500 $aIncludes bibliographies and index 650 0$aBesov spaces 650 0$aInitial value problems 650 0$aPartial differential equations 700 1 $aThomée, Vidar$eauthor$4http://id.loc.gov/vocabulary/relators/aut$056425 700 1 $aWahlbin, Lars B. 907 $a.b1074745x$b23-02-17$c28-06-02 912 $a991000717469707536 945 $aLE013 46E BRE11 (1975)$g1$i2013000088433$lle013$o-$pE0.00$q-$rl$s- $t0$u1$v0$w1$x0$y.i10839847$z28-06-02 996 $aBesov spaces and applications to difference methods for initial value problems$980913 997 $aUNISALENTO 998 $ale013$b01-01-97$cm$da $e-$feng$gde $h0$i1 LEADER 03749nam 22007335 450 001 9910410033903321 005 20251113184343.0 010 $a3-030-42699-8 024 7 $a10.1007/978-3-030-42699-6 035 $a(CKB)5310000000016630 035 $a(MiAaPQ)EBC6229872 035 $a(DE-He213)978-3-030-42699-6 035 $a(PPN)248596160 035 $a(MiAaPQ)EBC6230004 035 $a(MiAaPQ)EBC29092505 035 $a(EXLCZ)995310000000016630 100 $a20200617d2020 u| 0 101 0 $aeng 135 $aurcnu|||||||| 181 $ctxt$2rdacontent 182 $cc$2rdamedia 183 $acr$2rdacarrier 200 10$aDisinformation, Misinformation, and Fake News in Social Media $eEmerging Research Challenges and Opportunities /$fedited by Kai Shu, Suhang Wang, Dongwon Lee, Huan Liu 205 $a1st ed. 2020. 210 1$aCham :$cSpringer International Publishing :$cImprint: Springer,$d2020. 215 $a1 online resource 225 1 $aLecture Notes in Social Networks,$x2190-5436 311 08$a3-030-42698-X 327 $aA Social Network Analysis and Cyber Forensics Informed Exploration of Disinformation Campaigns -- Mitigating Fake News through Fact-checking URL recommendation -- Detecting Fake News with Semi-supervised Tensor Decomposition -- Learning Hierarchical Discourse-level Structure for Fake News Detection -- Mining Styles and Emotions for Fake News Detection -- Fake News Detection with Deep Diffusive Network Model -- Fake News Detection: An Interdisciplinary Research -- Jointly Identifying Framing Bias and Detecting Fake News on Social Media. 330 $aThis book serves as a convenient entry point for researchers, practitioners, and students to understand the problems and challenges, learn state-of-the-art solutions for their specific needs, and quickly identify new research problems in their domains. The contributors to this volume describe the recent advancements in three related parts: (1) user engagements in the dissemination of information disorder; (2) techniques on detecting and mitigating disinformation; and (3) trending issues such as ethics, blockchain, clickbaits, etc. This edited volume will appeal to students, researchers, and professionals working on disinformation, misinformation and fake news in social media from a unique lens. 410 0$aLecture Notes in Social Networks,$x2190-5436 606 $aData mining 606 $aSociology$xMethodology 606 $aSocial sciences$xData processing 606 $aSocial media 606 $aJournalism 606 $aData Mining and Knowledge Discovery 606 $aSociological Methods 606 $aComputer Application in Social and Behavioral Sciences 606 $aSocial Media 606 $aJournalism 615 0$aData mining. 615 0$aSociology$xMethodology. 615 0$aSocial sciences$xData processing. 615 0$aSocial media. 615 0$aJournalism. 615 14$aData Mining and Knowledge Discovery. 615 24$aSociological Methods. 615 24$aComputer Application in Social and Behavioral Sciences. 615 24$aSocial Media. 615 24$aJournalism. 676 $a070.43 676 $a302.231 702 $aShu$b Kai$4edt$4http://id.loc.gov/vocabulary/relators/edt 702 $aWang$b Suhang$4edt$4http://id.loc.gov/vocabulary/relators/edt 702 $aLee$b Dongwon$4edt$4http://id.loc.gov/vocabulary/relators/edt 702 $aLiu$b Huan$f1958-$4edt$4http://id.loc.gov/vocabulary/relators/edt 801 0$bMiAaPQ 801 1$bMiAaPQ 801 2$bMiAaPQ 906 $aBOOK 912 $a9910410033903321 996 $aDisinformation, Misinformation, and Fake News in Social Media$91919273 997 $aUNINA LEADER 06575nam 22006015 450 001 9910881089303321 005 20250808083519.0 010 $a9783031607219$b(electronic bk.) 010 $z9783031607202 024 7 $a10.1007/978-3-031-60721-9 035 $a(MiAaPQ)EBC31608187 035 $a(Au-PeEL)EBL31608187 035 $a(CKB)34118613700041 035 $a(DE-He213)978-3-031-60721-9 035 $a(OCoLC)1453194446 035 $a(EXLCZ)9934118613700041 100 $a20240820d2024 u| 0 101 0 $aeng 135 $aurcnu|||||||| 181 $ctxt$2rdacontent 182 $cc$2rdamedia 183 $acr$2rdacarrier 200 14$aThe Political Economy of Evaluation in Greece $eInterdisciplinary Perspectives for an Inclusive and Forward-Looking Evaluation /$fedited by Panagiotis E. Petrakis, Paraskevi V. Boufounou, Pantelis C. Kostis 205 $a1st ed. 2024. 210 1$aCham :$cSpringer Nature Switzerland :$cImprint: Palgrave Macmillan,$d2024. 215 $a1 online resource (524 pages) 225 1 $aThe Political Economy of Greek Growth up to 2030,$x2662-7256 311 08$aPrint version: Petrakis, Panagiotis E. The Political Economy of Evaluation in Greece Cham : Palgrave Macmillan,c2024 9783031607202 327 $aChapter 1: Navigating the New Era: Interdisciplinary Insights into Greece's Political Economy of Evaluation -- Part A. Policy Evaluation in Times of Change -- Chapter 2: Evaluation in the Polycrisis Epoche -- Chapter 3: The Key Horizontal Principles in the Evaluation Practice: From Necessity to Culture -- Chapter 4: Developing a Culture of Evaluation as a Prerequisite for Sustainable Economic Development -- Chapter 5: Scrutiny of legislation: securing effectiveness and legislative quality -- Chapter 6: Mainstreaming inclusive principles and strategic approaches in regulatory policy evaluation: The case of the EU and the Greek central government -- Chapter 7: How sustainable and inclusive is economic growth in Greece -- Chapter 8: Evaluation for people or with people? The role of participatory and empowering approaches to social inclusion -- Part B. Evaluating Policy Implementation During Economic Crises -- Chapter 9: Evaluating the Internal Devaluation Policies Implemented in Greece ? Analytical Insights and Empirical Evidence -- Chapter 10. A comparative evaluation of alternative methods for assessing corporate creative accounting in Greece: Empirical Evidence during the Financial Crisis -- Chapter 11: Evaluating factors that strengthened the informal economy in the global financial crisis: a case study in selected countries of the European Union -- Chapter 12: An Econometric Policy Evaluation of Fiscal Management in PIGS Economies -- Part C. Policy Evaluation of Specific Sectors and Policies -- Chapter 13: Inclination towards Applying Different Evaluation Approaches to Provide Inputs for Evidence-Based Policy Design -- Chapter 14: Evaluation as a Tool to Increase the Competitiveness and Economic Development of SMEs -- Chapter 15: Greek SMEs and Sustainable Development: An Evaluation of Sustainable Development Goals (SDGs) -- Chapter 16: The Link Between ESG, Corporate Governance and Stock Performance of European Financial Institutions -- Chapter 17: Evaluation processes in all aspects of EKDDA?s open innovation project -- Chapter 18: Evaluating Internal Audit?s importance and value-added in Corporate Governance and Risk Management: An Empirical Investigation -- Chapter 19: Policy Recommendations for Greece to Provide Energy Independence -- Chapter 20: The political economy of redistribution of income support to Greek farms: the case of Greece?s CAP Strategic Plan 2023-2027. 330 $a?This book contains a comprehensive and accessible discussion of the principles behind policy selection and the evaluation of past policies that should be invaluable to policymakers and to everyone else interested in the role of policy in promoting social and economic wellbeing.? ?Sir Christoforos Pissarides, Regius Professor of Economics, London School of Economics and Political Science Nobel Laureate in Economic Sciences, 2010 This contributed volume explores the relationships between politics, economics, and evaluation. With a special focus on Greece, it addresses how evaluations within different sectors impact policymaking and explains what this means for sustainable development. Featuring interdisciplinary perspectives on economic policy evaluation for inclusive and future-forward public policy, the chapters rethink and reform evaluation to meet modern economic challenges. The book outlines the concept and principles of resource allocation in evaluation, offering a framework for economic transformation. It highlights the role of evaluation in achieving sustainable development. It provides a new way to measure the quality of public policy, governance, and economic policy. Panagiotis E. Petrakis is Emeritus Professor at the National and Kapodistrian University of Athens (NKUA). He is Scientific Coordinator of Distance Education Training Programs and the series editor for two Palgrave book series: ?Futures of European Societies and Economies? and ?The Political Economy of Greek Growth up to 2030.? Paraskevi V. Boufounou is Assistant Professor at the NKUA. She was Chair of the Network of Evaluation Societies in Europe (NESE) from 2021 to 2023. She held top positions in private and public sector institutions and was Chair of the Board of Invest in Greece. Pantelis C. Kostis is Assistant Professor at the NKUA. He is the series editor for the Palgrave book series ?The Future of European Societies and Economies? and serves as associate editor in several journals. 410 0$aThe Political Economy of Greek Growth up to 2030,$x2662-7256 606 $aEconomics 606 $aEconomic policy 606 $aSocial policy 606 $aPolitical Economy and Economic Systems 606 $aEconomic Policy 606 $aSocio-Economic Policy 615 0$aEconomics. 615 0$aEconomic policy. 615 0$aSocial policy. 615 14$aPolitical Economy and Economic Systems. 615 24$aEconomic Policy. 615 24$aSocio-Economic Policy. 676 $a338.9 700 $aPetrakis$b Panagiotis E$0946337 701 $aBoufounou$b Paraskevi V$01765478 701 $aKostis$b Pantelis C$01348050 801 0$bMiAaPQ 801 1$bMiAaPQ 801 2$bMiAaPQ 912 $a9910881089303321 996 $aThe Political Economy of Evaluation in Greece$94207171 997 $aUNINA